Vista normal Vista MARC

Entrada Topical Term

Número de registros utilizados en: 2

001 - CONTROL NUMBER

  • control field: 68131

003 - CONTROL NUMBER IDENTIFIER

  • control field: OSt

005 - DATE AND TIME OF LATEST TRANSACTION

  • control field: 20251218195742.0

008 - FIXED-LENGTH DATA ELEMENTS

  • fixed length control field: 251218|| aca||aabn | a|a d

040 ## - CATALOGING SOURCE

  • Original cataloging agency: OSt
  • Transcribing agency: OSt

150 ## - HEADING--TOPICAL TERM

  • Topical term or geographic name entry element: Moluscos
  • General subdivision: Enseñanza primaria

670 ## - SOURCE DATA FOUND

  • Source citation: Work cat.: (OSt)60252: Arthur, Alex. 68128, Moluscos, crustáceos y otros animales acorazados /









Instituto Departamental de Cultura del Meta - Red Departamental de Bibliotecas Públicas del Meta.